Pokemon that contain the letter W - Statistics

General Stats
  • This quiz has been taken 287 times
    279 since last reset
  • The average score is 78 of 111
Answer Stats
Generation Type Pokemon % Correct
I Bug/Poison Weedle
90%
IV Grass/Ice Abomasnow
88%
I Psychic Mew
85%
I Psychic Mewtwo
85%
I Water Poliwhirl
85%
I Water/Fighting Poliwrath
85%
I Water Wartortle
85%
I Normal/Flying Fearow
84%
I Normal/Flying Spearow
84%
III Steel/Fairy Mawile
83%
I Water Poliwag
83%
III Water Wailord
83%
III Normal/Flying Swellow
82%
II Ice/Ground Swinub
82%
III Water Wailmer
82%
III Bug Wurmple
82%
IV Dark/Ice Weavile
80%
IV Dark/Flying Honchkrow
79%
II Dark/Flying Murkrow
79%
II Ice/Ground Piloswine
79%
III Ice/Water Walrein
79%
I Grass/Poison Weepinbell
79%
VII Water/Bug Dewpider
78%
I Psychic Drowzee
78%
IV Ice/Ground Mamoswine
78%
V Bug/Grass Sewaddle
78%
V Bug/Grass Swadloon
78%
III Water/Ground Whiscash
78%
I Water/Ice Dewgong
77%
III Normal/Flying Taillow
77%
I Normal/Fairy Wigglytuff
77%
III Water/Flying Wingull
77%
V Dragon Axew
76%
V Water Dewott
76%
I Water/Psychic Slowbro
76%
II Water/Psychic Slowking
76%
I Water/Psychic Slowpoke
76%
IV Bug/Varies Wormadam
76%
V Bug/Rock Dwebble
74%
III Water/Ground Swampert
74%
V Bug/Poison Whirlipede
74%
II Water/Ground Wooper
74%
IV Grass/Poison Budew
73%
IX Electric/Flying Kilowattrel
73%
V Dark/Steel Pawniard
73%
IX Electric/Flying Wattrel
73%
VII Bug/Water Wimpod
73%
II Psychic Wobbuffet
73%
VIII Normal Wooloo
73%
VIII Water Chewtle
72%
III Water/Dark Crawdaunt
72%
VIII Water/Rock Drednaw
72%
V Psychic/Flying Swoobat
72%
I Ground Marowak
71%
V Water Oshawott
71%
II Water/Poison Qwilfish
71%
V Grass/Fairy Whimsicott
71%
III Normal Whismur
71%
VII Water Wishiwashi
71%
V Psychic/Flying Woobat
71%
III Psychic Wynaut
71%
VIII Normal Dubwool
70%
I Fire Growlithe
70%
VI Fighting/Flying Hawlucha
70%
IV Ground Hippowdon
70%
V Normal/Grass Sawsbuck
70%
V Dark/Dragon Zweilous
70%
IX Electric Pawmi
68%
IX Electric/Fighting Pawmo
68%
IX Electric/Fighting Pawmot
68%
V Water/Flying Swanna
68%
VI Fairy Swirlix
68%
I Poison Weezing
68%
VII Fighting/Ghost Marshadow
67%
II Normal/Flying Noctowl
67%
VII Bug/Fighting Buzzwole
66%
VI Water Clawitzer
66%
I Normal Meowth
66%
V Fighting Sawk
66%
VII Fighting Crabrawler
65%
V Ghost/Fire Litwick
65%
I Ground Sandshrew
65%
VI Bug Spewpa
65%
VII Normal/Fighting Bewear
63%
IX Rock Klawf
63%
VI Psychic Meowstic
63%
VIII Dark/Poison Overqwil
63%
VIII Normal/Psychic Wyrdeer
63%
II Water Croconaw
62%
IX Grass/Dark Meowscarada
62%
IX Water Wiglett
62%
III Normal/Flying Swablu
61%
IX Water Wugtrio
61%
IV Normal Glameow
60%
VII Grass/Flying Rowlet
60%
III Poison Swalot
60%
VII Grass Bounsweet
59%
IX Normal/Flying Squawkabilly
57%
VIII Water Barraskewda
56%
V Normal Watchog
56%
IX Steel Orthworm
55%
IX Water/Dragon Walking Wake
55%
VIII Normal Skwovet
54%
II Rock Sudowoodo
54%
VIII Grass Thwackey
54%
IX Bug/Fighting Slither Wing
52%
IV Grass Turtwig
52%
IX Water Quaxwell
51%
IX Dark/Grass Wo-Chien
49%
II Psychic Unown
37%
IV Grass Tangrowth
35%
No matching quizzes found
Score Distribution
Percent of People with Each Score
Percentile by Number Answered
Your Score History
You have not taken this quiz since the last reset